Environment impact assessment / (Record no. 14221)

MARC details
000 -LEADER
fixed length control field 00858nam a22002297a 4500
005 - DATE AND TIME OF LATEST TRANSACTION
control field 2008070701041.0
008 - FIXED-LENGTH DATA ELEMENTS--GENERAL INFORMATION
fixed length control field 080707t xxu||||| |||| 00| 0 eng d
010 ## - LIBRARY OF CONGRESS CONTROL NUMBER
LC control number ENG-90455
020 ## - INTERNATIONAL STANDARD BOOK NUMBER
International Standard Book Number 9788131304075
Terms of availability 395.00
035 ## - SYSTEM CONTROL NUMBER
System control number EN-73988
037 ## - SOURCE OF ACQUISITION
Source of stock number/acquisition DBAD / PUB
040 ## - CATALOGING SOURCE
Original cataloging agency DPL
Language of cataloging EN
082 ## - DEWEY DECIMAL CLASSIFICATION NUMBER
Classification number 363.708 / SAC
100 ## - MAIN ENTRY--PERSONAL NAME
Personal name Sacratees, J.
245 ## - TITLE STATEMENT
Title Environment impact assessment /
Statement of responsibility, etc by J. Sacratees [and] R. Karthigarani
260 ## - PUBLICATION, DISTRIBUTION, ETC. (IMPRINT)
Place of publication, distribution, etc New Delhi
Name of publisher, distributor, etc APH Publishing Corporation
Date of publication, distribution, etc 2008
300 ## - PHYSICAL DESCRIPTION
Extent xv, 121p.:
Dimensions 22cm.(Hb)
Other physical details b & w photos
500 ## - GENERAL NOTE
General note Includes bibliograohical references
700 ## - ADDED ENTRY--PERSONAL NAME
Personal name Karthigarani, R.
942 ## - ADDED ENTRY ELEMENTS (KOHA)
Source of classification or shelving scheme Dewey Decimal Classification
Koha item type English Books
Classification part 363.708 / SAC
Holdings
Withdrawn status Lost status Damaged status Not for loan Collection code Home library Current library Date acquired Source of acquisition Cost, normal purchase price Total Checkouts Full call number Barcode Date last seen Copy number Cost, replacement price Price effective from Koha item type
      Not For Loan Non-fiction D.B.Act.Division D.B.Act.Division 07/07/2008 DBAD / PUB 395.00   363.708 / SAC EN-73988 15/09/2008 1 395.00 15/09/2008 English Books

© Delhi Public Library
Hit Counter
free hit counter